000 01131nam a2200241 a 4500
001 BRCA_1412
005 20190320203421.0
008 040706s2004 ilua---###---#000-0#spa-#
020 _a0974117102
050 4 _aF1391.C5
_b.R58 2004
245 1 0 _aRitmo del fuego
_bel arte y los artesanos de Santa Clara del Cobre, Michoácan, México = Rhythm of Fire : The Art and Artisans of Santa Clara del Cobre, Michoácan, México
_ceditora general Michele Feder-Nadoff ; colaboradores Gonzalo Arroyo Ríos ... [et al.].
260 _aChicago, Illinois
_bCuentos Foundation
_c2004
300 _a595 p.
_bil. a color
_c20 cm.
500 _aIncluye índice alfabético, glosario y biografías de los colaboradores
504 _aBibliografía: p. 501-511
610 2 4 _aSanta Clara del Cobre (Michoácan, México)
_xHistoria
_94611
650 1 4 _aÍndigenas
_xTrabajo en metal
_zMichoácan, México
_94612
650 1 4 _aTrabajo en cobre
_94505
700 1 _aFeder-Nadoff, Michele
_94613
700 1 _aArroyo Ríos, Gonzalo
_94614
740 0 _aRhythm of Fire : The Art and Artisans of Santa Clara del Cobre, Michoácan, México
942 _2lcc
_cB
999 _c1274
_d1274